[Event "Hart House Holidays op"]
[Site "Toronto CAN"]
[Date "2010.12.19"]
[Round "4.9"]
[White "Fiedler, Brian"]
[Black "Moffat, Andrei"]
[Result "0-1"]
[WhiteElo "2130"]
[BlackElo "2260"]
[PlyCount "62"]
[EventDate "2010.12.17"]
[EventType "swiss"]
[EventRounds "5"]
[EventCountry "CAN"]

1. Nf3 d5 2. d4 Nc6 3. Bg5 f6 4. Bh4 Nh6 5. e3 Nf5 6. c4 e5 7. dxe5 d4 8. exd4
Nxh4 9. Nxh4 Qxd4 10. Qxd4 Nxd4 11. Bd3 g5 12. Nf3 Nxf3+ 13. gxf3 fxe5 14. Nd2
Be6 15. Ke2 O-O-O 16. Rac1 Be7 17. Be4 h5 18. Rc2 g4 19. b3 Rhf8 20. fxg4 hxg4
21. Rg1 Bc5 22. Rg2 Rf4 23. f3 gxf3+ 24. Bxf3 Bf5 25. Rc1 Rxd2+ 26. Kxd2 Rxf3
27. Ke2 Re3+ 28. Kd2 Rd3+ 29. Ke2 Rh3 30. Rg8+ Kd7 31. Rd1+ Bd4 0-1

[Event "Hart House Holidays op"]
[Site "Toronto CAN"]
[Date "2010.12.19"]
[Round "4.10"]
[White "Abrahams, Daniel"]
[Black "Gelis, Paul"]
[Result "1-0"]
[WhiteElo "2089"]
[BlackElo "2248"]
[PlyCount "77"]
[EventDate "2010.12.17"]
[EventType "swiss"]
[EventRounds "5"]
[EventCountry "CAN"]

1. e4 g6 2. d4 Bg7 3. Nc3 d6 4. Nf3 c6 5. a4 Nf6 6. Bc4 O-O 7. O-O d5 8. exd5
cxd5 9. Bb5 a6 10. Be2 Nc6 11. Ne5 Nb4 12. Nb1 Bf5 13. Na3 Rc8 14. c3 Nc6 15.
Nxc6 Rxc6 16. Nc2 Bxc2 17. Qxc2 Ne4 18. Qd3 f5 19. Bd1 e6 20. a5 g5 21. f3 Nd6
22. Re1 Nf7 23. Ba4 b5 24. axb6 Rxb6 25. Bc2 Qd6 26. b3 Ra8 27. Ba3 Qc6 28. Bc5
Rbb8 29. b4 Bf8 30. Ba4 Qc8 31. Qe3 Bxc5 32. dxc5 e5 33. Bb3 Qe6 34. Qd3 Rd8
35. Rad1 e4 36. fxe4 fxe4 37. Bxd5 exd3 38. Bxe6 Kg7 39. Bc4 1-0

[Event "Hart House Holidays op"]
[Site "Toronto CAN"]
[Date "2010.12.19"]
[Round "4.11"]
[White "Itkin, David"]
[Black "Zeromskis, Egidijus"]
[Result "1/2-1/2"]
[WhiteElo "2038"]
[BlackElo "2218"]
[PlyCount "117"]
[EventDate "2010.12.17"]
[EventType "swiss"]
[EventRounds "5"]
[EventCountry "CAN"]

1. e4 Nf6 2. e5 Nd5 3. Nc3 Nxc3 4. dxc3 d6 5. Bf4 Nc6 6. Nf3 Bg4 7. h3 Bh5 8.
g4 Bg6 9. Qe2 e6 10. O-O-O Qd7 11. Bg2 O-O-O 12. Rd2 f6 13. Rhd1 fxe5 14. Nxe5
Nxe5 15. Bxe5 Qa4 16. Kb1 Re8 17. Bg3 e5 18. h4 h6 19. h5 Bh7 20. b3 Qa6 21.
Qxa6 bxa6 22. Rd5 e4 23. Ra5 Kb7 24. Bf1 Be7 25. Bxa6+ Kb6 26. b4 Rhf8 27. Bc4
Rf3 28. Ra6+ Kb7 29. b5 Rxc3 30. Bd5+ Kb8 31. Bf4 Bg5 32. Be3 Bxe3 33. fxe3 Bg8
34. Bc6 Rf8 35. Rd4 Rc4 36. Rxe4 Rxe4 37. Bxe4 Be6 38. Ra4 Bxg4 39. Bg6 Bf3 40.
Kc1 Kb7 41. Kd2 Bd5 42. a3 Rf2+ 43. Kd3 Bf7 44. Rg4 Bxg6+ 45. Rxg6 Rf5 46. c4
Rxh5 47. Rxg7 Rg5 48. Rh7 h5 49. Kd4 Rc5 50. Rh6 Kb6 51. Rh8 a6 52. bxa6 Kxa6
53. Rb8 Ka7 54. Rh8 Kb7 55. Rh7 Kc6 56. Rg7 Ra5 57. Rh7 Rc5 58. Rg7 Kb6 59. Rg8
1/2-1/2

[Event "Hart House Holidays op"]
[Site "Toronto CAN"]
[Date "2010.12.19"]
[Round "5.1"]
[White "Zuniga, Dante"]
[Black "Sambuev, Bator"]
[Result "0-1"]
[WhiteElo "2313"]
[BlackElo "2725"]
[PlyCount "100"]
[EventDate "2010.12.17"]
[EventType "swiss"]
[EventRounds "5"]
[EventCountry "CAN"]

1. d4 Nf6 2. c4 g6 3. Nc3 Bg7 4. e4 O-O 5. f4 d6 6. Nf3 c5 7. d5 e6 8. dxe6
Bxe6 9. Bd3 Bg4 10. O-O Nc6 11. h3 Bxf3 12. Qxf3 Qb6 13. g4 Rae8 14. Qg2 Nb4
15. Bb1 h6 16. a3 Nc6 17. e5 dxe5 18. f5 e4 19. Nxe4 Nxe4 20. Bxe4 Nd4 21. f6
Bxf6 22. Bxh6 Bg7 23. Bxg7 Kxg7 24. Rae1 Qd6 25. Bxb7 Rxe1 26. Rxe1 Rb8 27. Re3
f5 28. gxf5 Nxf5 29. Re2 Qd4+ 30. Kh2 Qf4+ 31. Kg1 Nh4 32. Qe4 Qg3+ 33. Kh1
Qxh3+ 34. Kg1 Qg3+ 35. Kh1 Nf5 36. Rg2 Qd6 37. Qd5 Qe7 38. Qxf5 Qe1+ 39. Kh2
Rh8+ 40. Qh3 Qe5+ 41. Rg3 Rxh3+ 42. Kxh3 Qh5+ 43. Kg2 Qe2+ 44. Kh3 Qxc4 45. b3
Qe6+ 46. Kh2 Qe5 47. a4 Kf6 48. Ba6 g5 49. Kg2 Qe4+ 50. Kh3 Qe6+ 0-1

[Event "Hart House Holidays op"]
[Site "Toronto CAN"]
[Date "2010.12.19"]
[Round "5.3"]
[White "Aronov, Yuri"]
[Black "Martchenko, Alexander"]
[Result "1/2-1/2"]
[WhiteElo "2306"]
[BlackElo "2405"]
[PlyCount "66"]
[EventDate "2010.12.17"]
[EventType "swiss"]
[EventRounds "5"]
[EventCountry "CAN"]

1. d4 d5 2. Nf3 c6 3. c4 e6 4. Qc2 Nf6 5. g3 Nbd7 6. Bg2 Be7 7. O-O O-O 8. b3
a5 9. a3 b6 10. Nbd2 Ba6 11. Bb2 Rc8 12. Rac1 c5 13. Qb1 b5 14. Qa2 bxc4 15.
bxc4 Nb6 16. cxd5 Nbxd5 17. Rfe1 cxd4 18. Nxd4 Bc5 19. e3 a4 20. Nc4 Qc7 21.
Nd2 Qa5 22. Ne4 Nxe4 23. Bxe4 Bxd4 24. Bxd4 Nc3 25. Bxc3 Rxc3 26. Rxc3 Qxc3 27.
Rb1 Bd3 28. Bxd3 Qxd3 29. Qb2 h6 30. Qb4 Rc8 31. Ra1 Qc3 32. Rb1 Qd3 33. Ra1
Qc3 1/2-1/2

[Event "Hart House Holidays op"]
[Site "Toronto CAN"]
[Date "2010.12.19"]
[Round "5.5"]
[White "Plotkin, Victor"]
[Black "Kleinman, Michael"]
[Result "1-0"]
[WhiteElo "2404"]
[BlackElo "2268"]
[PlyCount "85"]
[EventDate "2010.12.17"]
[EventType "swiss"]
[EventRounds "5"]
[EventCountry "CAN"]

1. e4 c5 2. c3 d5 3. exd5 Qxd5 4. d4 Nf6 5. Nf3 Bg4 6. Be2 e6 7. h3 Bh5 8. O-O
Nc6 9. Be3 cxd4 10. cxd4 Be7 11. Nc3 Qd6 12. Qa4 O-O 13. Rfd1 a6 14. Rac1 Rfd8
15. Qc2 Nb4 16. Qd2 Nbd5 17. Ne5 Bxe2 18. Qxe2 Rac8 19. Qf3 Nxc3 20. Rxc3 Qd5
21. Qxd5 Nxd5 22. Rcc1 h6 23. Kf1 Bd6 24. Ke2 Nxe3 25. Kxe3 g5 26. g3 Kg7 27.
Nc4 Rc6 28. Na5 Rxc1 29. Rxc1 Rd7 30. Rc8 e5 31. dxe5 Bxe5 32. b3 Bd4+ 33. Ke2
Re7+ 34. Kf3 Be5 35. Nc4 Kg6 36. Nxe5+ Rxe5 37. Rc7 Ra5 38. a4 b5 39. Rc5 Kf6
40. Ke4 Ke6 41. Kd4 Kd6 42. g4 f6 43. f3 1-0

[Event "Hart House Holidays op"]
[Site "Toronto CAN"]
[Date "2010.12.19"]
[Round "5.6"]
[White "Birarov, Vladimir"]
[Black "Calugar, Arthur"]
[Result "1-0"]
[WhiteElo "2210"]
[BlackElo "2385"]
[PlyCount "53"]
[EventDate "2010.12.17"]
[EventType "swiss"]
[EventRounds "5"]
[EventCountry "CAN"]

1. d4 Nf6 2. c4 g6 3. Nc3 d5 4. Bg5 Ne4 5. Bh4 Nxc3 6. bxc3 Bg7 7. e3 c5 8. Nf3
Nc6 9. Be2 dxc4 10. Bxc4 cxd4 11. cxd4 O-O 12. O-O a6 13. a4 Na5 14. Ba2 Bf5
15. Qe2 Nc6 16. h3 Be4 17. Rfc1 Nb4 18. Bb3 Qd7 19. Ne5 Bxe5 20. dxe5 Rac8 21.
e6 Qd6 22. Bg3 Qd3 23. exf7+ Kg7 24. Be5+ Kh6 25. Qg4 Rxc1+ 26. Rxc1 g5 27. h4
1-0

[Event "Hart House Holidays op"]
[Site "Toronto CAN"]
[Date "2010.12.19"]
[Round "5.8"]
[White "Guo, Joshua"]
[Black "Abrahams, Daniel"]
[Result "0-1"]
[WhiteElo "2232"]
[BlackElo "2089"]
[PlyCount "70"]
[EventDate "2010.12.17"]
[EventType "swiss"]
[EventRounds "5"]
[EventCountry "CAN"]

1. e4 c5 2. Nf3 e6 3. d4 cxd4 4. Nxd4 a6 5. Bd3 Bc5 6. Nb3 Be7 7. O-O d6 8. Qg4
g6 9. Qe2 Nd7 10. a4 b6 11. Nc3 Bb7 12. Be3 Ngf6 13. Bh6 Bf8 14. Bg5 Bg7 15. f4
Qc7 16. Kh1 O-O 17. Rf2 Rfc8 18. Raf1 Nc5 19. Nxc5 bxc5 20. e5 Ne8 21. f5 gxf5
22. Bxf5 exf5 23. Rxf5 dxe5 24. Qg4 f6 25. Bxf6 Nxf6 26. Rxf6 Rf8 27. Qe6+ Kh8
28. Rf7 Rxf7 29. Rxf7 Rf8 30. Rxf8+ Bxf8 31. Ne2 Qe7 32. Qf5 e4 33. Nf4 e3 34.
h3 Bg7 35. Qh5 Qe4 0-1

[Event "Hart House Holidays op"]
[Site "Toronto CAN"]
[Date "2010.12.19"]
[Round "5.9"]
[White "Zeromskis, Egidijus"]
[Black "Wiebe, Daniel"]
[Result "1-0"]
[WhiteElo "2218"]
[BlackElo "1884"]
[PlyCount "63"]
[EventDate "2010.12.17"]
[EventType "swiss"]
[EventRounds "5"]
[EventCountry "CAN"]

1. Nf3 Nf6 2. g3 g6 3. c4 Bg7 4. Nc3 O-O 5. Bg2 d5 6. cxd5 Nxd5 7. Qb3 c6 8.
O-O Na6 9. Nxd5 Qxd5 10. Qxd5 cxd5 11. d4 Nb4 12. Bf4 Nc6 13. Rfd1 Bf5 14. e3
Rac8 15. Ne1 Nb4 16. Rd2 e6 17. Bd6 a5 18. Bxf8 Bxf8 19. a3 Nc6 20. h3 g5 21.
Rc1 a4 22. Bf1 Ra8 23. g4 Bg6 24. Nf3 f6 25. Rdd1 Be8 26. Bd3 Na5 27. Rc7 Bd6
28. Rxh7 Rb8 29. h4 Nc4 30. Rb1 Bb5 31. Bxc4 dxc4 32. Rh6 1-0

[Event "Hart House Holidays op U1800"]
[Site "Toronto CAN"]
[Date "2010.12.18"]
[Round "2"]
[White "Rutherdale, William"]
[Black "Cui, Gordon"]
[Result "1-0"]
[WhiteElo "1724"]
[BlackElo "1340"]
[PlyCount "65"]
[EventDate "2010.12.17"]
[EventType "swiss"]
[EventRounds "5"]
[EventCountry "CAN"]

1. d4 d5 2. c4 dxc4 3. e4 e6 4. Bxc4 c5 5. Nf3 cxd4 6. Nxd4 e5 7. Qb3 Qf6 8.
Nf3 Nc6 9. O-O Qg6 10. Nc3 Bh3 11. Ne1 a6 12. Bxf7+ Qxf7 13. Qxf7+ Kxf7 14.
gxh3 Nf6 15. Be3 b5 16. f3 Na5 17. Nd3 Nc4 18. Bg5 Rd8 19. Rad1 Be7 20. b3 b4
21. bxc4 bxc3 22. Nxe5+ Ke6 23. Nc6 Bc5+ 24. Kg2 Rxd1 25. Rxd1 h6 26. Bc1 Rc8
27. Nd4+ Bxd4 28. Rxd4 Ke5 29. Be3 c2 30. f4+ Ke6 31. Kf3 Rb8 32. c5 Rc8 33.
Rc4 1-0

[Event "Hart House Holidays op U1800"]
[Site "Toronto CAN"]
[Date "2010.12.18"]
[Round "3"]
[White "Ashcroft, Michael"]
[Black "Rutherdale, William"]
[Result "1/2-1/2"]
[WhiteElo "1350"]
[BlackElo "1724"]
[PlyCount "91"]
[EventDate "2010.12.17"]
[EventType "swiss"]
[EventRounds "5"]
[EventCountry "CAN"]

1. e4 e5 2. Nf3 Nc6 3. Bb5 a6 4. Ba4 Nf6 5. O-O Be7 6. c3 Nxe4 7. Re1 b5 8. Bc2
Nf6 9. Nxe5 Nxe5 10. Rxe5 O-O 11. d4 d6 12. Re2 Bg4 13. f3 Be6 14. Nd2 c5 15.
Ne4 Qc7 16. Qd3 g6 17. Nxf6+ Bxf6 18. d5 Bf5 19. Qd1 Bxc2 20. Qxc2 Rfe8 21. Be3
Re5 22. Qd2 Rae8 23. Kf2 Qd7 24. Rae1 Qf5 25. Bf4 Rxe2+ 26. Rxe2 Rxe2+ 27. Kxe2
Be5 28. Bg3 Bxg3 29. hxg3 Qe5+ 30. Kf2 Kg7 31. b3 c4 32. bxc4 bxc4 33. Qd4
Qxd4+ 34. cxd4 Kf6 35. Ke3 Ke7 36. Kd2 Kd7 37. Kc3 Kc7 38. Kxc4 Kb6 39. Kb4 a5+
40. Kc4 h5 41. a4 Ka6 42. Kd3 Kb7 43. Ke4 Kc7 44. f4 f5+ 45. Kf3 Kd7 46. Kf2
1/2-1/2

[Event "Hart House Holidays op U1800"]
[Site "Toronto CAN"]
[Date "2010.12.19"]
[Round "4"]
[White "Zhang, John"]
[Black "Rutherdale, William"]
[Result "0-1"]
[WhiteElo "1588"]
[BlackElo "1724"]
[PlyCount "98"]
[EventDate "2010.12.17"]
[EventType "swiss"]
[EventRounds "5"]
[EventCountry "CAN"]

1. e4 e5 2. Nf3 Nc6 3. Bb5 a6 4. Ba4 Nf6 5. O-O Be7 6. Re1 b5 7. Bb3 O-O 8. c3
d5 9. exd5 Nxd5 10. Nxe5 Nxe5 11. Rxe5 c6 12. d4 Bd6 13. Re1 Qh4 14. g3 Qh3 15.
Nd2 Bg4 16. f3 Bxg3 17. hxg3 Qxg3+ 18. Kh1 Nf4 19. Re2 Rae8 20. Bxf7+ Kxf7 21.
Qb3+ Be6 22. Qd1 Nxe2 23. Qxe2 Bc4 24. Qd1 Re1+ 25. Qxe1 Qxe1+ 26. Kh2 Kg8 27.
b3 Bd5 28. Kg2 Rf6 29. Kh3 Rh6+ 30. Kg2 Qh1+ 31. Kf2 Rh2+ 32. Ke3 Qe1+ 33. Kd3
Qe2+ 34. Kc2 Bxf3 35. a4 Qe4+ 36. Kb2 Bd1 37. axb5 Qc2+ 38. Ka3 Rxd2 39. Kb4
Qxb3+ 40. Kc5 Qxc3+ 41. Kb6 Qxd4+ 42. Kb7 Qxa1 43. bxc6 Qxc1 44. c7 Rd7 45. Ka8
Bf3+ 46. Ka7 Qxc7+ 47. Kxa6 Qb7+ 48. Ka5 Rd1 49. Ka4 Ra1# 0-1

[Event "Hart House Holidays op U1800"]
[Site "Toronto CAN"]
[Date "2010.12.19"]
[Round "5"]
[White "Rutherdale, William"]
[Black "Spiliotopoulos, Yakos"]
[Result "1/2-1/2"]
[WhiteElo "1724"]
[BlackElo "1602"]
[PlyCount "125"]
[EventDate "2010.12.17"]
[EventType "swiss"]
[EventRounds "5"]
[EventCountry "CAN"]

1. d4 Nf6 2. c4 g6 3. g3 Bg7 4. Bg2 d6 5. Nc3 Nc6 6. e3 O-O 7. Nge2 e5 8. O-O
Bg4 9. h3 Bd7 10. b3 Re8 11. Bb2 Qc8 12. Kh2 e4 13. a3 Ne7 14. Qc2 d5 15. cxd5
Nexd5 16. Rfc1 Nxc3 17. Nxc3 Kh8 18. Qe2 Qd8 19. b4 c6 20. Rab1 h5 21. Ba1 Bf5
22. a4 Kh7 23. b5 Rc8 24. bxc6 bxc6 25. Rb7 Re7 26. Rcb1 Nd5 27. Qc4 Rcc7 28.
Rxc7 Qxc7 29. Qc5 Nxc3 30. Bxc3 h4 31. a5 hxg3+ 32. fxg3 Bc8 33. Bb4 Re8 34.
Rc1 Bd7 35. Be1 Qb7 36. Qc2 f5 37. Bf1 Rb8 38. Bc4 Qb2 39. Bc3 Qb7 40. Qd2 Bf6
41. Rc2 Qc7 42. d5 Bxc3 43. Qxc3 cxd5 44. Bxd5 Qxc3 45. Rxc3 Rb2+ 46. Kg1 Bb5
47. Rc7+ Kh6 48. Rxa7 Rb1+ 49. Kf2 Rb2+ 50. Kg1 Rb1+ 51. Kf2 Rb2+ 52. Kg1 Re2
53. Rb7 Bd3 54. Bg8 Kg5 55. Rb6 Rxe3 56. Kf2 Rf3+ 57. Kg2 Bf1+ 58. Kh2 Rf2+ 59.
Kg1 e3 60. Bf7 Bxh3 61. Rxg6+ Kh5 62. Re6+ Kg4 63. Rxe3 1/2-1/2

[Event "Hart House ch"]
[Site "Toronto CAN"]
[Date "2010.05.07"]
[Round "1"]
[White "Maguire, Jack"]
[Black "Bellissimo, Joseph"]
[Result "1-0"]
[WhiteElo "1518"]
[BlackElo "1786"]
[PlyCount "47"]
[EventDate "2010.05.07"]
[EventCountry "CAN"]

1. e4 d5 2. exd5 Qxd5 3. Nf3 Bg4 4. Be2 Nc6 5. Nc3 Qf5 6. h3 Bxf3 7. Bxf3 O-O-O
8. Bg4 Nh6 9. Bxf5+ Nxf5 10. d3 e5 11. Bd2 Bc5 12. Ne4 Bb6 13. Qg4 g6 14. O-O-O
Kb8 15. Bc3 Nfd4 16. Bxd4 Rxd4 17. Qg5 f5 18. Nf6 Rd6 19. Kb1 Bxf2 20. g4 f4
21. h4 Re6 22. h5 h6 23. Qxg6 Ne7 24. Nd7+ 1-0

[Event "Hart House ch"]
[Site "Toronto CAN"]
[Date "2010.06.04"]
[Round "5"]
[White "George, William"]
[Black "Maguire, Jack"]
[Result "1-0"]
[WhiteElo "1670"]
[BlackElo "1532"]
[PlyCount "29"]
[EventDate "2010.05.07"]
[EventCountry "CAN"]

1. c4 Nf6 2. Nc3 e5 3. Nf3 Nc6 4. g3 Bc5 5. Bg2 O-O 6. O-O d6 7. d3 Nd4 8. Rb1
Nxf3+ 9. Bxf3 a5 10. Bg5 c6 11. Ne4 Bh3 12. Qc1 Bxf1 13. Bxf6 Qd7 14. Qg5 g6
15. Qh6 1-0

[Event "Howard Ridout Swiss"]
[Site "Toronto CAN"]
[Date "2010.09.09"]
[Round "1"]
[White "Abrahams, Daniel"]
[Black "Moffat, Andrei"]
[Result "1/2-1/2"]
[WhiteElo "2098"]
[BlackElo "2290"]
[PlyCount "72"]
[EventDate "2010.09.09"]
[EventType "swiss"]
[EventRounds "7"]
[EventCountry "CAN"]

1. e4 c5 2. Nf3 Nc6 3. Nc3 e6 4. d4 cxd4 5. Nxd4 a6 6. Be2 Qc7 7. O-O b5 8. a3
Bb7 9. Kh1 Nf6 10. f4 Nxd4 11. Qxd4 Bc5 12. Qd3 d5 13. Bf3 dxe4 14. Nxe4 Nxe4
15. Bxe4 Rd8 16. Qf3 Bxe4 17. Qxe4 O-O 18. c3 Qd7 19. a4 Qd3 20. Qxd3 Rxd3 21.
axb5 axb5 22. g3 b4 23. cxb4 Bxb4 24. Kg2 Rc8 25. Ra4 Be7 26. Re4 Rc2+ 27. Kh3
Bf6 28. Rb4 h5 29. Rb8+ Kh7 30. Rb7 Kg6 31. Rb5 Be7 32. f5+ exf5 33. Bf4 h4 34.
Be5 hxg3 35. Bxg3 Rd8 36. Rbxf5 Rxb2 1/2-1/2

[Event "Howard Ridout Swiss"]
[Site "Toronto CAN"]
[Date "2010.09.09"]
[Round "1"]
[White "Ferreira, Alex"]
[Black "Yuan, Yuanling"]
[Result "1-0"]
[WhiteElo "2116"]
[BlackElo "2382"]
[PlyCount "95"]
[EventDate "2010.09.09"]
[EventType "swiss"]
[EventRounds "7"]
[EventCountry "CAN"]

1. d4 Nf6 2. Bg5 Ne4 3. Bf4 c5 4. f3 Qa5+ 5. c3 Nf6 6. Nd2 d6 7. Nc4 Qc7 8. e4
b5 9. Ne3 a6 10. a4 b4 11. cxb4 cxd4 12. Nd5 Nxd5 13. exd5 Qb6 14. b5 Bb7 15.
b4 Bxd5 16. a5 Qb7 17. b6 e5 18. Bd2 Be7 19. Rc1 Bc6 20. Bd3 O-O 21. Ne2 d5 22.
Bb1 Bf6 23. O-O e4 24. Bf4 d3 25. Nc3 Qd7 26. Qd2 Bd4+ 27. Kh1 f5 28. Ba2 Kh8
29. Rfe1 Bf6 30. Nxd5 Bxd5 31. Rc7 Qe6 32. b7 Ra7 33. Qe3 d2 34. Rd1 Bxa2 35.
Qxa7 exf3 36. Qe3 fxg2+ 37. Kxg2 Qd5+ 38. Qf3 g5 39. Rxd2 Qxf3+ 40. Kxf3 gxf4
41. Rxa2 Be5 42. Rc8 Kg7 43. b5 Rf7 44. Re2 Bc7 45. Ree8 axb5 46. Rxb8 Bxb8 47.
Rxb8 b4 48. Rg8+ 1-0

[Event "Howard Ridout Swiss"]
[Site "Toronto CAN"]
[Date "2010.09.09"]
[Round "1"]
[White "Hall, John"]
[Black "Bzikot, Robert"]
[Result "1/2-1/2"]
[WhiteElo "2250"]
[BlackElo "2066"]
[PlyCount "78"]
[EventDate "2010.09.09"]
[EventType "swiss"]
[EventRounds "7"]
[EventCountry "CAN"]

1. e4 d6 2. d4 Nf6 3. Nc3 g6 4. Be3 c6 5. Qd2 b5 6. Bd3 a6 7. h3 Nbd7 8. Nf3
Qc7 9. O-O Bg7 10. Bh6 O-O 11. Bxg7 Kxg7 12. a4 b4 13. Nd1 c5 14. d5 c4 15. Be2
a5 16. Qd4 Qc5 17. Bxc4 Qxd4 18. Nxd4 Ne5 19. Bb5 Nxe4 20. Re1 f5 21. f4 Nf7
22. Nf2 Nf6 23. Bc6 Rb8 24. Rxe7 Nh5 25. Nd3 Kf6 26. Ra7 g5 27. fxg5+ Nxg5 28.
Re1 Ne4 29. Nf2 Rg8 30. Rxh7 Nf4 31. g4 Nxf2 32. Kxf2 fxg4 33. hxg4 Bxg4 34.
Rh6+ Ng6 35. Ne6 Bf5 36. Nd4 Kg5 37. Nxf5 Rbf8 38. Rg1+ Kxf5 39. Bd7+ Kf6
1/2-1/2

[Event "Howard Ridout Swiss"]
[Site "Toronto CAN"]
[Date "2010.09.09"]
[Round "1"]
[White "Lamb, Bryan"]
[Black "Krupka, David"]
[Result "1/2-1/2"]
[WhiteElo "2180"]
[BlackElo "1949"]
[PlyCount "67"]
[EventDate "2010.09.09"]
[EventType "swiss"]
[EventRounds "7"]
[EventCountry "CAN"]

1. c4 Nf6 2. Nc3 e6 3. e4 d5 4. cxd5 exd5 5. e5 Ne4 6. Qf3 Nxc3 7. dxc3 Be6 8.
Bf4 Be7 9. Qg3 g6 10. Bd3 c6 11. h4 h5 12. Nf3 Nd7 13. Nd4 Nf8 14. O-O-O Qa5
15. Bg5 Bxg5+ 16. Qxg5 Qd8 17. Qg3 Qe7 18. f4 Bg4 19. Rd2 Ne6 20. f5 gxf5 21.
Rf1 f4 22. Qe1 O-O-O 23. Nxe6 Qxe6 24. Rxf4 Rhe8 25. Qf2 Qxe5 26. Rxf7 Qe1+ 27.
Kc2 Qxf2 28. Rdxf2 Rd7 29. Bf5 Bxf5+ 30. R7xf5 Rde7 31. Rxh5 Re2+ 32. Rxe2
Rxe2+ 33. Kb3 Rxg2 34. Rh7 1/2-1/2

[Event "Howard Ridout Swiss"]
[Site "Toronto CAN"]
[Date "2010.09.09"]
[Round "1"]
[White "Southam, David"]
[Black "Wiebe, Daniel"]
[Result "1-0"]
[WhiteElo "2142"]
[BlackElo "1900"]
[PlyCount "83"]
[EventDate "2010.09.09"]
[EventType "swiss"]
[EventRounds "7"]
[EventCountry "CAN"]

1. d4 Nf6 2. c4 g6 3. Nc3 Bg7 4. e4 d6 5. Nf3 O-O 6. Be2 e5 7. Be3 Nc6 8. d5
Ne7 9. Nd2 Nd7 10. f3 f5 11. Qc2 Kh8 12. O-O-O Ng8 13. Rhe1 Ngf6 14. Kb1 a5 15.
a3 Rb8 16. Nb3 b6 17. Nd2 Nc5 18. b4 axb4 19. axb4 Nb7 20. Kb2 Bd7 21. Ra1 c6
22. dxc6 Bxc6 23. Ra6 Be8 24. Bxb6 Qc8 25. Rea1 Bh6 26. Nb3 Bf7 27. Qd3 Nd7 28.
Bg1 Nf6 29. Nd5 fxe4 30. fxe4 Bxd5 31. cxd5 Rf7 32. Rc6 Qf8 33. Ra7 Nxe4 34.
Qxe4 Rf4 35. Qc2 Rxb4 36. Rc7 Bg7 37. Ka3 Nc5 38. Nxc5 dxc5 39. Bxc5 Rb1 40.
Qxb1 Rxb1 41. Bxf8 Bxf8+ 42. Ka2 1-0

[Event "Howard Ridout Swiss"]
[Site "Toronto CAN"]
[Date "2010.09.16"]
[Round "2"]
[White "Bzikot, Robert"]
[Black "Wu, Kevin"]
[Result "0-1"]
[WhiteElo "2066"]
[BlackElo "1941"]
[PlyCount "86"]
[EventDate "2010.09.09"]
[EventType "swiss"]
[EventRounds "7"]
[EventCountry "CAN"]

1. e4 c5 2. Nc3 Nc6 3. g3 g6 4. Bg2 Bg7 5. d3 Nf6 6. f4 d6 7. Nge2 O-O 8. O-O
e6 9. h3 Rb8 10. a4 d5 11. e5 Nd7 12. g4 a6 13. Ng3 b6 14. Nce2 Bb7 15. c3 f5
16. gxf5 gxf5 17. Be3 Ne7 18. d4 c4 19. Bf2 Ng6 20. Nh5 Rf7 21. Kh2 Kh8 22. Ng1
Qe7 23. Nf3 Bh6 24. Bg3 Rg8 25. Qe1 Qe8 26. Qe2 Qe7 27. Rae1 Bc6 28. Qf2 Bxa4
29. Nh4 Rff8 30. Nxg6+ hxg6 31. Bh4 g5 32. fxg5 Bxg5 33. Bxg5 Rxg5 34. Nf4 Rg7
35. Qf3 Qf7 36. Qf2 Re8 37. Bxd5 exd5 38. e6 Qe7 39. exd7 Qxd7 40. Rxe8+ Qxe8
41. Nxd5 Qe4 42. Nf6 Qc2 43. Qxc2 Bxc2 0-1

[Event "Howard Ridout Swiss"]
[Site "Toronto CAN"]
[Date "2010.09.16"]
[Round "2"]
[White "Casareno, Erwin"]
[Black "Southam, David"]
[Result "1/2-1/2"]
[WhiteElo "2108"]
[BlackElo "2142"]
[PlyCount "50"]
[EventDate "2010.09.09"]
[EventType "swiss"]
[EventRounds "7"]
[EventCountry "CAN"]

1. e4 e6 2. d4 d5 3. Nc3 Bb4 4. e5 c5 5. a3 Bxc3+ 6. bxc3 Qc7 7. Bd2 Ne7 8. Nf3
b6 9. Bd3 h6 10. dxc5 bxc5 11. c4 dxc4 12. Bxc4 Ba6 13. Qe2 Bxc4 14. Qxc4 Nd7
15. Qe4 O-O 16. O-O Ng6 17. Rfe1 Rab8 18. Bc3 Nb6 19. h4 Rfd8 20. h5 Nf8 21. g4
Nh7 22. Ba5 Qb7 23. Qf4 Qe7 24. Rad1 Rxd1 25. Rxd1 Nd5 1/2-1/2

[Event "Howard Ridout Swiss"]
[Site "Toronto CAN"]
[Date "2010.09.16"]
[Round "2"]
[White "Krupka, David"]
[Black "Abrahams, Daniel"]
[Result "0-1"]
[WhiteElo "1949"]
[BlackElo "2098"]
[PlyCount "62"]
[EventDate "2010.09.09"]
[EventType "swiss"]
[EventRounds "7"]
[EventCountry "CAN"]

1. d4 Nf6 2. c4 e6 3. Nc3 Bb4 4. Bg5 c5 5. d5 Bxc3+ 6. bxc3 d6 7. e3 Qe7 8. Bd3
O-O 9. Ne2 Nbd7 10. O-O Ne5 11. h3 b6 12. Bb1 h6 13. Bh4 Rd8 14. e4 Nxc4 15. f4
exd5 16. e5 dxe5 17. fxe5 Qxe5 18. Bxf6 gxf6 19. Qc2 f5 20. Rf3 Be6 21. Qc1 Kf8
22. Qxh6+ Ke7 23. Nf4 Qf6 24. Qxf6+ Kxf6 25. Nh5+ Kg5 26. Ng3 Nd6 27. Bc2 Ne4
28. Raf1 Nd2 29. Rxf5+ Bxf5 30. Rxf5+ Kh6 31. Rxf7 Ne4 0-1

[Event "Howard Ridout Swiss"]
[Site "Toronto CAN"]
[Date "2010.09.16"]
[Round "2"]
[White "Moffat, Andrei"]
[Black "Ferreira, Alex"]
[Result "0-1"]
[WhiteElo "2290"]
[BlackElo "2116"]
[PlyCount "88"]
[EventDate "2010.09.09"]
[EventType "swiss"]
[EventRounds "7"]
[EventCountry "CAN"]

1. e4 d5 2. exd5 Nf6 3. Bb5+ Bd7 4. Bc4 Bg4 5. f3 Bf5 6. Nc3 c6 7. dxc6 Nxc6 8.
Nge2 e5 9. Bb5 Bc5 10. Bxc6+ bxc6 11. Ng3 Bg6 12. d3 O-O 13. Qe2 Qd4 14. Nce4
Nxe4 15. Nxe4 Bxe4 16. fxe4 Bb4+ 17. Kd1 Ba5 18. c3 Qd7 19. Kc2 Bb6 20. Be3 Qe6
21. Rhf1 Rfb8 22. h3 Rb7 23. b3 a5 24. Bxb6 Rxb6 25. Qf2 Rab8 26. Rab1 f6 27.
Qc5 Qc8 28. Qxa5 Ra6 29. Qc5 Rxa2+ 30. Rb2 Qa6 31. Rfb1 Rxb3 32. Qe7 Rbxb2+ 33.
Rxb2 Qa4+ 34. Kc1 Ra1+ 35. Kd2 Qd1+ 36. Ke3 Qe1+ 37. Re2 Qg3+ 38. Kd2 Qf4+ 39.
Kc2 Qc1+ 40. Kb3 Qd1+ 41. Kc4 Qa4+ 42. Qb4 Qa6+ 43. Kc5 Ra5+ 44. Kd6 c5+ 0-1

[Event "Howard Ridout Swiss"]
[Site "Toronto CAN"]
[Date "2010.09.16"]
[Round "2"]
[White "Sharpe, Sam"]
[Black "Lamb, Bryan"]
[Result "1/2-1/2"]
[WhiteElo "1972"]
[BlackElo "2180"]
[PlyCount "57"]
[EventDate "2010.09.09"]
[EventType "swiss"]
[EventRounds "7"]
[EventCountry "CAN"]

1. d4 Nf6 2. Nf3 d6 3. Nc3 g6 4. e4 Bg7 5. Be3 O-O 6. Qd2 Ng4 7. Bg5 h6 8. Bf4
Kh7 9. h3 Nf6 10. g4 Nbd7 11. g5 Ng8 12. gxh6 Bxh6 13. Be2 e5 14. dxe5 dxe5 15.
Bxh6 Nxh6 16. Ng5+ Kg7 17. O-O-O c6 18. h4 Qe7 19. f4 exf4 20. Qxf4 Qe5 21.
Rhf1 Qxf4+ 22. Rxf4 Ne5 23. Nf3 Neg4 24. Rg1 f6 25. Nd2 Ne5 26. Nc4 Be6 27.
Nxe5 fxe5 28. Rxf8 Rxf8 29. h5 1/2-1/2